| 000 | 01088nam a22003497a 4500 | ||
|---|---|---|---|
| 001 | 0003848 | ||
| 003 | KOHA_MİRAKIL | ||
| 005 | 20260207001350.0 | ||
| 007 | ta | ||
| 008 | 090415b1997 tu |||gr||||#||||0|tur | | ||
| 020 | _a9757032026 | ||
| 040 |
_aTR-BiSEU _btur _cTR-BiSEU _erda |
||
| 041 | 0 | _atur | |
| 044 | _ctu | ||
| 050 |
_aHD83 _b.A76 1997 |
||
| 100 | 1 | _aAron, Raymond. | |
| 245 | 1 |
_aSanayi toplumu=Dix-huit leçons sur la societe industrielle/ _cRaymond Aron ; Raymond Aron; çeviren E. Gürsoy. |
|
| 250 | _a2. bs. | ||
| 264 | 1 |
_aİstanbul : _bDergah Yayınları _c1997 |
|
| 300 | _a263 sayfa | ||
| 336 |
_ametin _btxt _2rdacontent |
||
| 337 |
_aaracısız _bn _2rdamedia |
||
| 338 |
_acilt _bnc _2rdacarrier |
||
| 490 | 1 |
_aDergâh Yayınları ; _v56. |
|
| 490 | 1 |
_a Batı düşüncesi ; _v8. |
|
| 500 | _aÖzgün eser adı: Dix-huit leçons sur la societe industrielle | ||
| 650 | 0 |
_aSanayileşme. _99380 |
|
| 650 | 0 |
_aEkonomik kalkınma. _97651 |
|
| 830 | 1 |
_aDergâh Yayınları ; _v56. _99381 |
|
| 830 | 1 |
_a Batı düşüncesi ; _v8. _99382 |
|
| 942 |
_2lcc _cBK |
||
| 999 |
_c3832 _d3832 |
||